000 00480nam a2200169 i 4500
001 147096
003 ES-MaACL
005 20230906201810.0
007 t|
008 070921s1971 sp ||||1| spa d
080 _a380.8(46)(026)
245 0 0 _aTuristel
_b: guía turismo, correos, telégrafos.
260 _aBarcelona :
_b[Mel. Cap. Victor],
_c[1971]
300 _a295 p. ;
_c22 cm.
651 4 _aEspaña-
_vGuías turísticas.
_98206
852 _aES-MaACL
_jC-43299
_bR.80825
999 _c147096
_d147096